[Event "January 1800+"]
[Site "SchemingMind.com"]
[Date "2016.01.21"]
[Round "-"]
[White "Stephen Woodhouse"]
[Black "frankly"]
[Result "0-1"]
[WhiteCountry "ENG"]
[BlackCountry "ENG"]
[WhiteElo "1805"]
[WhiteRD "50"]
[BlackElo "2449"]
[BlackRD "55"]
[GameID "394132"]

1. e4 c5 2. c3 d5 3. exd5 Qxd5 4. d4 Nf6 5. Nf3 Bg4 6. Be2 e6 7. h3 Bh5 8. O-O Nc6 9. Be3 cxd4 10. cxd4 Be7
11. Nc3 Qd6 12. Qb3 O-O 13. Rfd1 Rfd8 14. Rac1 a6 15. Rc2 b5 16. a3 Rac8 17. Rcd2 Na5 18. Qa2 Nc4 19. Bxc4 bxc4 20. g4 Nd5
21. Kg2 Bg6 22. Ne5 Bh4 23. Na4 f6 24. Nxg6 Nxe3+ 25. fxe3 Qg3+ 26. Kh1 Qxh3+ 27. Rh2 Qf3+ 28. Rg2 Qxd1+ 29. Kh2 hxg6 30. Nb6 Rc7
0-1

[Event "January 1800+"]
[Site "SchemingMind.com"]
[Date "2016.01.21"]
[Round "-"]
[White "frankly"]
[Black "Stephen Woodhouse"]
[Result "1-0"]
[WhiteCountry "ENG"]
[BlackCountry "ENG"]
[WhiteElo "2449"]
[WhiteRD "55"]
[BlackElo "1805"]
[BlackRD "50"]
[GameID "394133"]

1. d4 e6 2. c4 d5 3. Nf3 c5 4. cxd5 exd5 5. g3 Nc6 6. Bg2 Nf6 7. O-O Be7 8. Nc3 O-O 9. Bg5 c4 10. Ne5 Be6
11. b3 h6 12. Bxf6 Bxf6 13. Nxc6 bxc6 14. bxc4 dxc4 15. e3 Qa5 16. Qc2 Rac8 17. Rab1 Rfd8 18. Rb2 c5 19. Rb5 Qa3 20. Nb1 Qa6
21. Rxc5 Rxc5 22. dxc5 Bd5 23. Nd2 c3 24. Bxd5 Rxd5 25. Nb3 Qb5 26. e4 Qd3 27. Qxd3 Rxd3 28. Rc1 Kf8 29. Kf1 Ke7 30. Ke2 Rd7
31. f4 Bd4 32. c6
1-0

[Event "January 1800+"]
[Site "SchemingMind.com"]
[Date "2016.02.01"]
[Round "-"]
[White "Sahajaxx"]
[Black "Stephen Woodhouse"]
[Result "1-0"]
[WhiteCountry "ENG"]
[BlackCountry "ENG"]
[WhiteElo "2238"]
[WhiteRD "92"]
[BlackElo "1805"]
[BlackRD "50"]
[GameID "394881"]

1. d4 e6 2. Nf3 d5 3. Bf4 Bd6 4. e3 Nf6 5. Ne5 Nbd7 6. Nd2 O-O 7. Be2 Qe7 8. O-O c5 9. Nxd7 Bxd7 10. Bxd6 Qxd6
11. dxc5 Qxc5 12. c4 Rfd8 13. cxd5 Nxd5 14. Nb3 Qb6 15. Qd4 Qxd4 16. Nxd4 Rac8 17. Rfc1 a6 18. Bf3 Bc6 19. Nxc6 Rxc6 20. Rxc6 bxc6
21. Rd1 Rd7 22. Rc1 Rc7 23. Be2 a5 24. Rc5 a4 25. Ra5 g6 26. Rxa4 Kf8 27. Rc4 Ke7 28. b3 Kd6 29. Rc1 c5 30. Bb5 Ra7
31. a4 Nc7 32. Rd1+ Ke5 33. f4+ Kf6 34. Bc4 Na6 35. Rd8 Nb4 36. Rc8 Nc2 37. Kf2 Ra5 38. Bb5
1-0

[Event "January 1800+"]
[Site "SchemingMind.com"]
[Date "2016.02.01"]
[Round "-"]
[White "Stephen Woodhouse"]
[Black "Sahajaxx"]
[Result "1/2-1/2"]
[WhiteCountry "ENG"]
[BlackCountry "ENG"]
[WhiteElo "1805"]
[WhiteRD "50"]
[BlackElo "2238"]
[BlackRD "92"]
[GameID "394882"]

1. e4 g6 2. d4 Bg7 3. Nc3 c5 4. Be3 cxd4 5. Bxd4 Bxd4 6. Qxd4 Nf6 7. Nd5 Nc6 8. Nxf6+ exf6 9. Qd6 Qe7 10. Qxe7+ Kxe7
11. O-O-O d6 12. Nf3 Bg4 13. Be2 Ne5 14. h3 Bxf3 15. Bxf3 Nxf3 16. gxf3 Rac8 17. Rd5 Rc5 18. Rhd1 Rxd5=
1/2-1/2

[Event "January 1800+"]
[Site "SchemingMind.com"]
[Date "2016.02.01"]
[Round "-"]
[White "Sahajaxx"]
[Black "frankly"]
[Result "1/2-1/2"]
[WhiteCountry "ENG"]
[BlackCountry "ENG"]
[WhiteElo "2238"]
[WhiteRD "92"]
[BlackElo "2449"]
[BlackRD "55"]
[GameID "394883"]

1. Nf3 Nf6 2. d4 e6 3. c4 b6 4. Nc3 Bb7 5. Bg5 h6 6. Bh4 Be7 7. e3 Ne4 8. Bxe7 Qxe7 9. Nxe4 Bxe4 10. Nd2 Bb7
11. Bd3 Qg5 12. Bf1 O-O 13. Nf3 Qf5 14. Bd3 Qa5+ 15. Qd2 Qxd2+ 16. Kxd2 a5 17. c5 bxc5 18. dxc5 Bxf3 19. gxf3 Nc6 20. Rab1 Rfb8
21. Be4 Rb4 22. b3 Rab8 23. Bxc6 dxc6 24. h4 Kf8 25. e4 Ke7 26. Rhg1 g6 27. Rgc1 a4 28. Kc3 h5 29. Rd1 e5 30. Rd2 R8b5
31. Rd3 axb3 32. axb3 Rb7 33. Rdd1 Rb8 34. Rd2 R8b5 35. Ra2 Kd7=
1/2-1/2

[Event "January 1800+"]
[Site "SchemingMind.com"]
[Date "2016.02.01"]
[Round "-"]
[White "frankly"]
[Black "Sahajaxx"]
[Result "1-0"]
[WhiteCountry "ENG"]
[BlackCountry "ENG"]
[WhiteElo "2449"]
[WhiteRD "55"]
[BlackElo "2238"]
[BlackRD "92"]
[GameID "394884"]

1. d4 Nf6 2. Nf3 d5 3. c4 c6 4. Nc3 dxc4 5. a4 Bf5 6. Ne5 e6 7. f3 Bb4 8. e4 Bg6 9. Bxc4 Nbd7 10. Nd3 Be7
11. Be3 O-O 12. O-O Nb6 13. Ba2 h6 14. Ne5 Bh7 15. a5 Nbd7 16. Nxf7 Rxf7 17. Bxe6 Bg6 18. e5 Ne8 19. f4 Nc7 20. Bxf7+ Bxf7
21. f5 Bc4 22. Rf3 Nd5 23. Nxd5 Bxd5 24. Rg3 Bh4 25. Rg4 h5 26. Rg6 Nf8 27. Qxh5 Bf7 28. Rxg7+ Kxg7 29. Qg4+
1-0

[Event "January 1800+"]
[Site "SchemingMind.com"]
[Date "2016.02.10"]
[Round "-"]
[White "miriskra"]
[Black "Sahajaxx"]
[Result "0-1"]
[WhiteCountry "WLS"]
[BlackCountry "ENG"]
[WhiteElo "1676"]
[WhiteRD "63"]
[BlackElo "2291"]
[BlackRD "90"]
[GameID "395219"]

1. d4 d5 2. c4 c6 3. e3 Nf6 4. Nf3 g6 5. Nc3 Bg7 6. Qb3 O-O 7. cxd5 cxd5 8. Bd3 Nc6 9. h3 Na5 10. Qa3 a6
11. Bd2 Nc4 12. Bxc4 dxc4 13. Ne5 Be6 14. e4 Nxe4 15. Nxe4 Qxd4 16. O-O Bxe5 17. Qe3 Qxe3 18. Bxe3 Bxb2 19. Rab1 c3 20. Bd4 Bxa2
0-1

[Event "January 1800+"]
[Site "SchemingMind.com"]
[Date "2016.02.10"]
[Round "-"]
[White "Sahajaxx"]
[Black "miriskra"]
[Result "1-0"]
[WhiteCountry "ENG"]
[BlackCountry "WLS"]
[WhiteElo "2291"]
[WhiteRD "90"]
[BlackElo "1676"]
[BlackRD "63"]
[GameID "395220"]

1. d4 Nf6 2. c4 g6 3. Nc3 Bg7 4. Nf3 O-O 5. e4 d6 6. Be2 Nbd7 7. O-O e5 8. Be3 Qe7 9. d5 c5 10. Qd2 Ne8
11. Bd3 f5 12. exf5 gxf5 13. Bg5 Qf7 14. Nh4 e4 15. Be2 a6 16. f3 exf3 17. Bxf3 Ne5 18. Be2 Nc7 19. Ne4 Qd7 20. Ng3
1-0

[Event "January 1800+"]
[Site "SchemingMind.com"]
[Date "2016.02.10"]
[Round "-"]
[White "miriskra"]
[Black "Stephen Woodhouse"]
[Result "0-1"]
[WhiteCountry "WLS"]
[BlackCountry "ENG"]
[WhiteElo "1676"]
[WhiteRD "63"]
[BlackElo "1831"]
[BlackRD "52"]
[GameID "395221"]

1. Nf3 e6 2. g3 d5 3. Bg2 c5 4. O-O Nc6 5. d4 Nf6 6. Bf4 Bd6 7. Bxd6 Qxd6 8. c3 O-O 9. Nbd2 Bd7 10. Re1 Rac8
11. dxc5 Qxc5 12. Nb3 Qb6 13. Nfd2 Rfd8 14. e4 dxe4 15. Nxe4 Nxe4 16. Bxe4 e5 17. Qh5 g6 18. Qh6 Be6 19. Bc2 Rd6 20. h4 Ne7
21. h5 Nf5
0-1

[Event "January 1800+"]
[Site "SchemingMind.com"]
[Date "2016.02.10"]
[Round "-"]
[White "Stephen Woodhouse"]
[Black "miriskra"]
[Result "1-0"]
[WhiteCountry "ENG"]
[BlackCountry "WLS"]
[WhiteElo "1831"]
[WhiteRD "52"]
[BlackElo "1676"]
[BlackRD "63"]
[GameID "395222"]

1. e4 c6 2. d4 d5 3. exd5 cxd5 4. c4 Nf6 5. Nc3 Nc6 6. Nf3 g6 7. Qb3 Qb6 8. Qxb6 axb6 9. a3 dxc4 10. Bxc4 Bg7
11. O-O O-O 12. Bg5 h6 13. Bh4 Rd8 14. Rad1 Bg4 15. d5 Bxf3 16. gxf3 Ne5 17. Be2 g5 18. Bg3 Ng6 19. Bc7 Rd7 20. Bxb6 Nf4
21. Bb5
1-0

[Event "January 1800+"]
[Site "SchemingMind.com"]
[Date "2016.02.10"]
[Round "-"]
[White "miriskra"]
[Black "frankly"]
[Result "0-1"]
[WhiteCountry "WLS"]
[BlackCountry "ENG"]
[WhiteElo "1676"]
[WhiteRD "63"]
[BlackElo "2468"]
[BlackRD "55"]
[GameID "395223"]

1. d4 Nf6 2. Nf3 d5 3. c4 c6 4. e3 Bf5 5. Nc3 e6 6. Be2 h6 7. O-O Nbd7 8. b3 Bd6 9. Bb2 O-O 10. Rc1 Re8
11. Re1 Rc8 12. h3 a6 13. cxd5 exd5 14. Bd3 Ne4 15. Bxe4 dxe4 16. Nd2 Qh4 17. Nf1 Qg5 18. Kh1 Nf6 19. Ne2 Nd5 20. Neg3 Nb4
0-1

[Event "January 1800+"]
[Site "SchemingMind.com"]
[Date "2016.02.10"]
[Round "-"]
[White "frankly"]
[Black "miriskra"]
[Result "1-0"]
[WhiteCountry "ENG"]
[BlackCountry "WLS"]
[WhiteElo "2468"]
[WhiteRD "55"]
[BlackElo "1676"]
[BlackRD "63"]
[GameID "395224"]

1. d4 Nf6 2. Nf3 e6 3. g3 d5 4. Bg2 Be7 5. O-O O-O 6. c4 c6 7. Qc2 b6 8. b3 Nbd7 9. Rd1 Ba6 10. Nbd2 Rc8
11. e4 dxe4 12. Nxe4 Nxe4 13. Qxe4 Nf6 14. Qe2 Re8 15. a4 Nd5 16. Qd2 Bb4 17. Qc2 Nc7 18. Ne5 c5 19. dxc5 Qf6 20. Bb2
1-0

[Event "January 1800+"]
[Site "SchemingMind.com"]
[Date "2016.02.14"]
[Round "-"]
[White "Sahajaxx"]
[Black "flyinduck"]
[Result "1-0"]
[WhiteCountry "ENG"]
[BlackCountry "CAN"]
[WhiteElo "2271"]
[WhiteRD "85"]
[BlackElo "2083"]
[BlackRD "52"]
[GameID "395340"]

1. d4 Nf6 2. Nf3 d5 3. Bf4 c5 4. e3 Nc6 5. c3 Qb6 6. Qb3 c4 7. Qxb6 axb6 8. Na3 Bf5 9. Nh4 Bd7 10. Nb5 Ra5
11. a4 Na7 12. Nc7+ Kd8 13. Na8 g5 14. Bc7+ Kc8 15. Bxb6 Ra6 16. Bxa7 gxh4 17. Nb6+ Kc7 18. Nxd7 Nxd7 19. Bc5 Nxc5 20. dxc5 e6
21. b4 cxb3 22. Bxa6
1-0

[Event "January 1800+"]
[Site "SchemingMind.com"]
[Date "2016.02.14"]
[Round "-"]
[White "flyinduck"]
[Black "Sahajaxx"]
[Result "0-1"]
[WhiteCountry "CAN"]
[BlackCountry "ENG"]
[WhiteElo "2083"]
[WhiteRD "52"]
[BlackElo "2271"]
[BlackRD "85"]
[GameID "395341"]

1. c4 g6 2. g3 Bg7 3. Bg2 c5 4. Nc3 Nf6 5. Nf3 Nc6 6. O-O O-O 7. d4 cxd4 8. Nxd4 Qa5 9. Nb3 Qh5 10. c5 a5
11. e4 Qxd1 12. Rxd1 a4 13. Nd2 Ra5 14. Rb1 Rxc5 15. Nxa4 Rc2 16. Nf1 Ng4 17. Rd2 Rxd2 18. Bxd2 Bd4 19. Ne3 Nxe3 20. fxe3 Ba7
21. b4 Ne5 22. b5 d6 23. b6 Bb8 24. Nc3 f6 25. a4 Kf7 26. a5 Nc4 27. Bc1 Nxa5 28. Nd5 Bd7 29. Bf1 Rc8
0-1

[Event "January 1800+"]
[Site "SchemingMind.com"]
[Date "2016.02.14"]
[Round "-"]
[White "Stephen Woodhouse"]
[Black "flyinduck"]
[Result "0-1"]
[WhiteCountry "ENG"]
[BlackCountry "CAN"]
[WhiteElo "1805"]
[WhiteRD "50"]
[BlackElo "2064"]
[BlackRD "54"]
[GameID "395342"]

1. e4 c5 2. c3 Nf6 3. e5 Nd5 4. d4 cxd4 5. Nf3 e6 6. cxd4 d6 7. Bc4 Nc6 8. O-O Be7 9. Nc3 Nxc3 10. bxc3 dxe5
11. Nxe5 Nxe5 12. dxe5 Qxd1 13. Rxd1 Bd7 14. Rb1 O-O-O 15. Be3 b6 16. Ba6+ Kc7 17. Bb5 Bxb5
0-1

[Event "January 1800+"]
[Site "SchemingMind.com"]
[Date "2016.02.14"]
[Round "-"]
[White "flyinduck"]
[Black "Stephen Woodhouse"]
[Result "1-0"]
[WhiteCountry "CAN"]
[BlackCountry "ENG"]
[WhiteElo "2064"]
[WhiteRD "54"]
[BlackElo "1805"]
[BlackRD "50"]
[GameID "395343"]

1. c4 e6 2. g3 d5 3. Bg2 Nf6 4. Nf3 c5 5. b3 Be7 6. O-O O-O 7. Bb2 d4 8. e3 dxe3 9. fxe3 Nc6 10. d3 Qc7
11. Nc3 a6 12. Qe2 Bd7 13. Rad1 Rfd8 14. d4 cxd4 15. exd4 Rac8 16. Kh1 Bd6 17. Ng5 e5 18. Nce4 Nxe4 19. Qxe4 g6 20. Qh4 h5
21. Nxf7 Rf8 22. Qf6 Kh7 23. Qxd6
1-0

[Event "January 1800+"]
[Site "SchemingMind.com"]
[Date "2016.02.14"]
[Round "-"]
[White "frankly"]
[Black "flyinduck"]
[Result "1-0"]
[WhiteCountry "ENG"]
[BlackCountry "CAN"]
[WhiteElo "2439"]
[WhiteRD "55"]
[BlackElo "2083"]
[BlackRD "52"]
[GameID "395344"]

1. d4 d5 2. Nf3 Nf6 3. c4 e6 4. Nc3 c6 5. Bg5 h6 6. Bxf6 Qxf6 7. e3 Nd7 8. Bd3 dxc4 9. Bxc4 g6 10. O-O Bg7
11. Qc2 O-O 12. Rad1 Kh8 13. Rfe1 e5 14. Bd3 exd4 15. Ne4 Qd8 16. exd4 Nb6 17. Nc5 Nd5 18. Ne5 Nb4 19. Qc4 Nxd3 20. Ncxd3 Qf6
21. Nc5 Qf5 22. Rd3 Bxe5 23. Rxe5 Qf6 24. Rf3 Qg7 25. Re7 Kg8 26. h3 b6 27. Ne4 Be6 28. Qxc6 Rad8 29. d5
1-0

[Event "January 1800+"]
[Site "SchemingMind.com"]
[Date "2016.02.14"]
[Round "-"]
[White "flyinduck"]
[Black "frankly"]
[Result "0-1"]
[WhiteCountry "CAN"]
[BlackCountry "ENG"]
[WhiteElo "2083"]
[WhiteRD "52"]
[BlackElo "2439"]
[BlackRD "55"]
[GameID "395345"]

1. c4 Nf6 2. g3 c6 3. Nf3 d5 4. Bg2 dxc4 5. O-O Nbd7 6. Na3 Nb6 7. Qc2 Qd5 8. Ne1 Qd4 9. e3 Qg4 10. e4 e5
11. Nxc4 Nxc4 12. Qxc4 Be6 13. Qc2 Qh5 14. f3 Bd6 15. d3 O-O 16. Be3 c5 17. b3 a6 18. Qf2 Rac8 19. Rc1 b6 20. Nc2 Rfd8
21. Rfd1 Nd7 22. g4 Qg6 23. h3 Qf6 24. Na3 Bc7 25. Nb1 Nb8 26. Nc3 Nc6 27. Nd5 Bxd5 28. exd5 Nb4 29. h4 Rxd5 30. f4 Rxd3
0-1

[Event "January 1800+"]
[Site "SchemingMind.com"]
[Date "2016.02.22"]
[Round "-"]
[White "flammablepawn"]
[Black "miriskra"]
[Result "1-0"]
[WhiteCountry "USA"]
[BlackCountry "WLS"]
[WhiteElo "1847"]
[WhiteRD "87"]
[BlackElo "1685"]
[BlackRD "65"]
[GameID "395796"]

1. b4 e6 2. Bb2 Nf6 3. b5 c6 4. c4 d5 5. cxd5 exd5 6. a4 Bd6 7. e3 Nbd7 8. Nf3 O-O 9. Be2 Re8 10. O-O Nf8
11. Nc3 Bg4 12. h3 Bxf3 13. Bxf3 Ng6 14. d4 Nh4 15. Be2
1-0

[Event "January 1800+"]
[Site "SchemingMind.com"]
[Date "2016.02.23"]
[Round "-"]
[White "flammablepawn"]
[Black "Sahajaxx"]
[Result "0-1"]
[WhiteCountry "USA"]
[BlackCountry "ENG"]
[WhiteElo "1870"]
[WhiteRD "91"]
[BlackElo "2265"]
[BlackRD "88"]
[GameID "395797"]

1. b4 d5 2. Bb2 Nf6 3. Nf3 e6 4. b5 a6 5. a4 axb5 6. axb5 Rxa1 7. Bxa1 c6 8. e3 Nbd7 9. bxc6 bxc6 10. Be2 Bd6
11. O-O O-O 12. c4 Qa5 13. Bc3 Qa2 14. cxd5 cxd5 15. d3 Ba6 16. Qd2 Qxd2 17. Nbxd2 Ne4 18. Ba1 Nec5 19. Ne1 e5 20. f3 Rb8
21. Kf2 Re8 22. g3 Ra8 23. Bb2 Na4 24. Ba1 Bb4 25. Nb1 Bxe1+ 26. Rxe1 Nac5 27. d4 exd4 28. Bxd4 Bc4 29. Nc3 Nb3 30. Bxc4 dxc4
31. Rd1 f6 32. Nb5 Ra2+ 33. Kg1 Nd2 34. Bc3 Nxf3+
0-1

[Event "January 1800+"]
[Site "SchemingMind.com"]
[Date "2016.02.22"]
[Round "-"]
[White "Sahajaxx"]
[Black "flammablepawn"]
[Result "1-0"]
[WhiteCountry "ENG"]
[BlackCountry "USA"]
[WhiteElo "2271"]
[WhiteRD "85"]
[BlackElo "1890"]
[BlackRD "92"]
[GameID "395798"]

1. c4 e6 2. d4 d5 3. Nc3 c6 4. e3 Nf6 5. cxd5 exd5 6. Nf3 Bd6 7. Be2 O-O 8. O-O Bg4 9. h3 Bf5 10. Nh4 Be6
11. Nf3 h6 12. Bd3 Nh7 13. Ne2 Ng5 14. Nxg5 hxg5 15. f4 gxf4 16. Nxf4 Qg5 17. Nxe6 fxe6 18. Rxf8+ Bxf8 19. Qb3 b6 20. e4 Qg3
21. Bd2 Qd6 22. e5 Qe7 23. Rf1 c5 24. Bg6 Nc6 25. Qf3
1-0

[Event "January 1800+"]
[Site "SchemingMind.com"]
[Date "2016.02.22"]
[Round "-"]
[White "flammablepawn"]
[Black "Stephen Woodhouse"]
[Result "1-0"]
[WhiteCountry "USA"]
[BlackCountry "ENG"]
[WhiteElo "1890"]
[WhiteRD "92"]
[BlackElo "1824"]
[BlackRD "49"]
[GameID "395799"]

1. b4 e5 2. Bb2 d6 3. e4 Nf6 4. Nc3 Be7 5. Bc4 O-O 6. Nf3 Bg4 7. O-O Nc6 8. a3 Nd4 9. Be2 Nxe2+ 10. Qxe2 Nh5
11. Nd5 Bg5 12. Ne3 Nf4 13. Qd1 Qf6 14. Nxg4 Qg6 15. Nxg5 Qxg5 16. Qf3 h5 17. Ne3 h4 18. Qg4 Qh6 19. Nf5 Qf6 20. d4 g6
21. dxe5 dxe5 22. Qxf4
1-0

[Event "January 1800+"]
[Site "SchemingMind.com"]
[Date "2016.02.23"]
[Round "-"]
[White "Stephen Woodhouse"]
[Black "flammablepawn"]
[Result "1/2-1/2"]
[WhiteCountry "ENG"]
[BlackCountry "USA"]
[WhiteElo "1842"]
[WhiteRD "51"]
[BlackElo "1870"]
[BlackRD "91"]
[GameID "395800"]

1. e4 e6 2. d4 d5 3. Nd2 Nf6 4. e5 Nfd7 5. Bd3 c5 6. c3 Nc6 7. Ne2 Qb6 8. Nf3 cxd4 9. cxd4 Bb4+ 10. Bd2 Bxd2+
11. Qxd2 Qb4 12. Rc1 Qxd2+ 13. Kxd2 a6 14. a3 Nb6 15. Rc2 Bd7 16. Rhc1 O-O 17. b4 Rac8 18. g3 Na7 19. Rxc8= Rxc8 20. Rxc8+ Bxc8
21. Nc3 Bd7 22. Ke3 Bb5 23. Nxb5 Nxb5 24. Bxb5 axb5 25. Nd2 Nc4+ 26. Nxc4 bxc4 27. a4 Kf8 28. a5 Ke8 29. b5 Kd7 30. Kd2 Kc7
31. Kc3 f6 32. f4 f5 33. h3 h5 34. h4=
1/2-1/2

[Event "January 1800+"]
[Site "SchemingMind.com"]
[Date "2016.02.23"]
[Round "-"]
[White "flammablepawn"]
[Black "frankly"]
[Result "0-1"]
[WhiteCountry "USA"]
[BlackCountry "ENG"]
[WhiteElo "1870"]
[WhiteRD "91"]
[BlackElo "2433"]
[BlackRD "56"]
[GameID "395801"]

1. b4 e5 2. Bb2 Bxb4 3. Bxe5 Nf6 4. Nf3 O-O 5. e3 d5 6. Be2 c5 7. O-O Nc6 8. Bb2 Re8 9. d3 Ba5 10. Nbd2 Bc7
11. c4 dxc4 12. Nxc4 Qe7 13. Re1 Bf5 14. Qb3 Rab8 15. Rad1 b5 16. Ncd2 Be6 17. Qc2 Nb4 18. Qb1 Bxa2 19. Qc1 Rec8 20. Ba3 Be6
21. Bxb4 cxb4 22. Qb2 a5 23. Nd4 a4 24. Bf3 a3 25. Qb1 a2 26. Qb2 Be5 27. N2b3 Qa7 28. Ra1 Qa3 29. Qxa3 bxa3 30. Bd1 b4
31. f4 Bxd4 32. exd4 Rc3
0-1

[Event "January 1800+"]
[Site "SchemingMind.com"]
[Date "2016.02.22"]
[Round "-"]
[White "frankly"]
[Black "flammablepawn"]
[Result "1-0"]
[WhiteCountry "ENG"]
[BlackCountry "USA"]
[WhiteElo "2439"]
[WhiteRD "55"]
[BlackElo "1890"]
[BlackRD "92"]
[GameID "395802"]

1. d4 e6 2. c4 d5 3. Nc3 c6 4. Nf3 dxc4 5. a4 Bb4 6. e3 b5 7. Bd2 a5 8. axb5 Bxc3 9. Bxc3 cxb5 10. b3 Bb7
11. bxc4 b4 12. Bb2 Nf6 13. Bd3 Nbd7 14. O-O O-O 15. Bc2 Nb6 16. c5 Nbd5 17. Re1 Bc6 18. e4 Nc7 19. Qd2 Qb8 20. d5 exd5
21. Bxf6 gxf6 22. Qh6
1-0

[Event "January 1800+"]
[Site "SchemingMind.com"]
[Date "2016.02.23"]
[Round "-"]
[White "flammablepawn"]
[Black "flyinduck"]
[Result "1/2-1/2"]
[WhiteCountry "USA"]
[BlackCountry "CAN"]
[WhiteElo "1867"]
[WhiteRD "87"]
[BlackElo "2135"]
[BlackRD "56"]
[GameID "395803"]

1. b4 e5 2. Bb2 Bxb4 3. Bxe5 Nf6 4. Nf3 O-O 5. e3 Nc6 6. Bb2 d5 7. Be2 Re8 8. O-O Bg4 9. d3 Qe7 10. Nbd2 Rad8
11. h3 Bh5 12. c3 Bd6 13. c4 Bxf3 14. Bxf3 Bb4 15. Bxf6 Qxf6 16. cxd5 Ne7 17. e4 c6 18. Rb1 a5 19. a3 Bxa3 20. Rxb7 cxd5
21. Re1 dxe4 22. Bxe4 Bc5 23. Qf3 Qxf3 24. Bxf3 Kf8 25. Nb3 Bb4 26. Rd1 Nd5 27. Kf1 Nc3=
1/2-1/2

[Event "January 1800+"]
[Site "SchemingMind.com"]
[Date "2016.02.23"]
[Round "-"]
[White "flyinduck"]
[Black "flammablepawn"]
[Result "1-0"]
[WhiteCountry "CAN"]
[BlackCountry "USA"]
[WhiteElo "2083"]
[WhiteRD "52"]
[BlackElo "1890"]
[BlackRD "92"]
[GameID "395804"]

1. d4 e6 2. c4 d5 3. Nc3 c6 4. e4 dxe4 5. Nxe4 Bb4+ 6. Bd2 Qxd4 7. Bxb4 Qxe4+ 8. Be2 Na6 9. Bd6 Qxg2 10. Qd2 Nf6
11. Bf3 Qg6 12. O-O-O e5 13. Bxe5 O-O 14. Ne2 Qf5 15. Qe3 Be6 16. Nd4 Qh3 17. Bxf6 gxf6 18. Rdg1+ Kh8 19. Qf4
1-0

[Event "January 1800+"]
[Site "SchemingMind.com"]
[Date "2016.02.27"]
[Round "-"]
[White "flammablepawn"]
[Black "DHall"]
[Result "0-1"]
[WhiteCountry "USA"]
[BlackCountry "ENG"]
[WhiteElo "1867"]
[WhiteRD "87"]
[BlackElo "2244"]
[BlackRD "75"]
[GameID "395953"]

1. b4 a5 2. b5 b6 3. c4 Bb7 4. Nf3 Nf6 5. e3 e6 6. a4 Bb4 7. Be2 d6 8. O-O O-O 9. d4 c6 10. Ba3 h6
11. Qb3 c5 12. dxc5 dxc5 13. Rd1 Qc7 14. Bb2 Nbd7 15. Na3 Bxa3 16. Qxa3 Ne4 17. Rd3 Rad8 18. Rad1 Rfe8 19. Ne1 e5 20. Qa1 f6
21. f3 Ng5 22. h4 e4 23. Rd6 exf3 24. Bxf3 Nxf3+ 25. Nxf3 Bxf3 26. gxf3 Nf8 27. Rxd8 Qg3+ 28. Kf1 Qxf3+ 29. Kg1 Qxe3+ 30. Kf1 Qh3+
0-1

[Event "January 1800+"]
[Site "SchemingMind.com"]
[Date "2016.02.27"]
[Round "-"]
[White "DHall"]
[Black "flammablepawn"]
[Result "1-0"]
[WhiteCountry "ENG"]
[BlackCountry "USA"]
[WhiteElo "2241"]
[WhiteRD "65"]
[BlackElo "1890"]
[BlackRD "92"]
[GameID "395954"]

1. e4 e6 2. d4 d5 3. Bd3 c5 4. exd5 Qxd5 5. Nc3 Qxd4 6. Nf3 Qd8 7. Bf4 a6 8. Qe2 Nf6 9. O-O-O Qb6 10. Ne5 Be7
11. Nc4 Qa7 12. Nd6+ Bxd6 13. Bxd6 Nc6 14. Ne4 Nxe4 15. Bxe4 Bd7 16. Qe3 b6 17. Qg5
1-0

[Event "January 1800+"]
[Site "SchemingMind.com"]
[Date "2016.02.27"]
[Round "-"]
[White "Sahajaxx"]
[Black "DHall"]
[Result "1/2-1/2"]
[WhiteCountry "ENG"]
[BlackCountry "ENG"]
[WhiteElo "2271"]
[WhiteRD "85"]
[BlackElo "2241"]
[BlackRD "65"]
[GameID "395955"]

1. d4 d5 2. c4 c6 3. Nf3 Nf6 4. e3 Bf5 5. Nc3 e6 6. Nh4 Bg6 7. Nxg6 hxg6 8. cxd5 cxd5 9. h3 a6 10. Bd3 Nc6
11. Bd2 Rc8 12. O-O Bd6 13. Rc1 O-O 14. a3 Re8 15. f4 Na5 16. Qe1 Nc4 17. Rc2 Re7 18. Qe2 Rec7 19. Rfc1 b5 20. Be1 Qd7
21. Nd1 Be7 22. Nf2 Nd6 23. g3 Nc4 24. Ng4 Bd6 25. Ne5 Qe7 26. a4 Bb4 27. axb5 axb5 28. Bf2 Qd6 29. Kg2 Qb6 30. b3 Nd6
31. Rxc7 Rxc7 32. Rxc7 Qxc7 33. Bxb5 Nfe4 34. Bd3 Nxf2 35. Kxf2 Qc1 36. h4 Ne4+ 37. Bxe4 dxe4 38. Kg2 Bd2 39. Nc4 Bb4 40. Ne5=
1/2-1/2

[Event "January 1800+"]
[Site "SchemingMind.com"]
[Date "2016.02.27"]
[Round "-"]
[White "DHall"]
[Black "Sahajaxx"]
[Result "1/2-1/2"]
[WhiteCountry "ENG"]
[BlackCountry "ENG"]
[WhiteElo "2241"]
[WhiteRD "65"]
[BlackElo "2271"]
[BlackRD "85"]
[GameID "395956"]

1. e4 e6 2. d4 d5 3. Nc3 dxe4 4. Nxe4 Nd7 5. Nf3 Ngf6 6. Nxf6+ Nxf6 7. Bd3 c5 8. dxc5 Bxc5 9. Qe2 O-O 10. Bg5 Qb6
11. c3 Nd5 12. Rd1 h6 13. Bc1 Bd7 14. O-O Rad8 15. Ne5 Bc8 16. Rfe1 Qc7 17. Ng4 Nf4 18. Nxh6+ gxh6 19. Qg4+ Ng6 20. Bxh6 e5
21. Qg3 Rxd3 22. Rxd3 Re8 23. h4 Kh7 24. Qg5 Be7 25. Qh5 Rh8 26. Rg3 Bxh4 27. Rxg6 Bxf2+ 28. Kxf2 fxg6 29. Qh2 Re8 30. Rh1 Kg8
31. Bg5 Qg7 32. Qh4 Re6 33. Qc4 Bd7 34. Kg1 Qf7 35. Qd3 b5 36. Rh3 Bc6 37. Rh6 Qg7 38. Qd8+ Be8 39. Qd5 Qf7 40. c4 bxc4
41. Qxc4 Rd6 42. Qh4 Qg7 43. Kh2 a6 44. Qg4 Bd7 45. Qc4+ Re6 46. Kg1 Qf7 47. Qe4 Be8 48. Qd5 Qf5 49. Qc4 Qf7 50. Qg4 Bd7
51. Qh4 Qg7 52. Qe4 Be8 53. Kh1 Qd7 54. Qh4 Qg7 55. Qc4 Qf7=
1/2-1/2

[Event "January 1800+"]
[Site "SchemingMind.com"]
[Date "2016.02.27"]
[Round "-"]
[White "Stephen Woodhouse"]
[Black "DHall"]
[Result "0-1"]
[WhiteCountry "ENG"]
[BlackCountry "ENG"]
[WhiteElo "1824"]
[WhiteRD "49"]
[BlackElo "2241"]
[BlackRD "65"]
[GameID "395957"]

1. e4 Nc6 2. Nf3 d6 3. d4 Bg4 4. Be2 Nf6 5. Nc3 e6 6. O-O Be7 7. h3 Bh5 8. d5 exd5 9. exd5 Bxf3 10. Bxf3 Ne5
11. Be2 O-O 12. f4 Ng6 13. Be3 a6 14. Bf3 Re8 15. Qd2 Nh4 16. Qf2 Nf5 17. Rae1 Nd7 18. Bd2 Bh4 19. Rxe8+ Qxe8 20. Qe2 Qxe2
21. Nxe2 Re8 22. Be1 Bxe1 23. Rxe1 Nd4 24. Kf2 Nxc2 25. Rc1 Nb4 26. Rxc7 Nc5 27. Nc1 a5 28. Nb3 Nba6 29. Nxc5 Nxc7 30. Nxb7 Rb8
31. Nxd6 Rxb2+ 32. Kg3 Rxa2 33. Nf5 a4 34. d6 Ne6 35. Ne7+ Kf8 36. f5 Nc5 37. Bc6 Rd2 38. Nd5 a3 39. Kf3 a2
0-1

[Event "January 1800+"]
[Site "SchemingMind.com"]
[Date "2016.02.27"]
[Round "-"]
[White "DHall"]
[Black "Stephen Woodhouse"]
[Result "1-0"]
[WhiteCountry "ENG"]
[BlackCountry "ENG"]
[WhiteElo "2241"]
[WhiteRD "65"]
[BlackElo "1824"]
[BlackRD "49"]
[GameID "395958"]

1. e4 e6 2. d4 d5 3. Bd3 dxe4 4. Bxe4 Nf6 5. Bf3 c5 6. Ne2 Nc6 7. Be3 cxd4 8. Bxc6+ bxc6 9. Bxd4 c5 10. Be5 Qxd1+
11. Kxd1 Bb7 12. f3 O-O-O+ 13. Ke1 Bd6 14. Bxd6 Rxd6 15. Nbc3 Rhd8 16. Kf2 Rd2 17. Rac1 Nd5 18. Ne4 Nb4 19. Nxd2 Rxd2 20. Rhd1 Rxc2
21. Rxc2 Nxc2 22. Rc1 Nb4 23. Rxc5+ Kb8 24. Nc1 a6 25. Rc4 Nd5 26. Nd3 Bc8 27. Rg4 g6 28. Rh4 h5 29. Ne5
1-0